000 00843nam a2200253 a 4500
001 000056870
005 20200120223343.0
008 990303s2008 sp a gr 000 0 spa d
020 _a9788424179083
041 _a//spa
090 _aP
_bMADE 2008
100 0 _aMadroñero, Ester
245 1 0 _aPoema de olores /
_cEster Madroñero ; dirección editorial Raquel López Varela ; Coordinación Ana María García Alonso ; Diseño Francisco A. Morais.
250 _a9a. ed.
260 _aLeón ( España ) :
_bEverest,
_c2008.
300 _a35 p.
490 0 _aLeer es vivir
650 1 7 _aPoesía infantil
_2LEMB
650 2 7 _aLiteratura infantil
_2LEMB
650 2 7 _aLibros ilustrados para niños
_2LEMB
700 1 _aLópez Varela, Raquel,
_edir.
700 1 _aGarcía Alonso, Ana María,
_ecoor.
700 1 _aMorais. Francisco A.
_edise.
999 _c6167
_d6167